000 01094cam a2200217 4500
001 L131351
008 000000n2005 000 0 eng u
035 _a(Sirsi) u131351
041 _aeng
050 _a333.33 $2 18
110 _aValuation Office Agency
_93141
245 _aProperty market report - July 2005
_h[electronic resource]
260 _aLondon
_bValuation Office Agency
_c2005
300 _a133p.
_c30cm.
520 _aThe July 2005 web-based edition of this bi-annual report from the Valuation Office Agency (VOA). The report covers all the major sectors of the property market and is based on valuations prepared by the VOA's local offices of typical property types. Includes a commentary on the minerals and waste management industry.
590 _aIKA251005
651 4 _aUnited Kingdom
_y
690 _aPROPERTY-PROPERTY MARKET
856 _uhttps://webarchive.nationalarchives.gov.uk/20110320170052/http://www.voa.gov.uk/publications/property_market_report/pmr-jul-05/index.htm
_zView the item free of charge at http://webachive.nationalarchives.gov.uk
942 _n0
999 _c104721
_d104721